[Event "NRW Class1 1617"]
[Site "Germany"]
[Date "2017.02.12"]
[Round "6.1"]
[White "Essing, Arnold"]
[Black "Preuschoff, Michael"]
[Result "0-1"]
[WhiteElo "2233"]
[BlackElo "2248"]
[PlyCount "60"]
[EventDate "2016.09.25"]
[EventType "team-tourn"]
[EventRounds "9"]
[EventCountry "GER"]
[SourceTitle "EXT 2023"]
[Source "ChessBase"]
[SourceDate "2022.10.05"]
[SourceVersion "1"]
[SourceVersionDate "2022.10.05"]
[SourceQuality "1"]
[WhiteTeam "Lieme"]
[BlackTeam "Ratingen"]
[WhiteTeamCountry "GER"]
[BlackTeamCountry "GER"]

1. d4 d6 2. e4 Nf6 3. Nc3 c6 4. g3 Qa5 5. Bg2 e5 6. Nge2 b5 7. 0-0 b4 8. Nb1 Ba6 9. Re1 Nbd7 10. h3 Rc8 11. b3 c5 12. dxe5 dxe5 13. Bb2 c4 14. a3 Qb6 15. axb4 Bxb4 16. Nec3 cxb3 17. cxb3 0-0 18. Re3 Rfd8 19. Qf3 Nc5 20. Na4 Nxa4 21. Rxa4 Bc5 22. Re1 Bb5 23. Bxe5 Rd3 24. Qf4 Nh5 25. Qf5 Bd7 26. Qxh5 Bxf2+ 27. Kh2 Bxe1 28. Ra1 Rc2 29. Na3 Rxg2+ 30. Kxg2 Qf2+ 0-1

[Event "NRW Class2 1516"]
[Site "Germany"]
[Date "2016.04.03"]
[Round "8.1"]
[White "Preuschoff, Michael"]
[Black "Kotainy, Jens"]
[Result "0-1"]
[WhiteElo "2153"]
[BlackElo "2326"]
[PlyCount "104"]
[EventDate "2015.09.27"]
[EventType "team-tourn"]
[EventRounds "9"]
[EventCountry "GER"]
[SourceTitle "EXT 2017"]
[Source "ChessBase"]
[SourceDate "2016.10.25"]
[SourceVersion "1"]
[SourceVersionDate "2016.10.25"]
[SourceQuality "1"]
[WhiteTeam "Ratingen"]
[BlackTeam "Bochum II"]
[WhiteTeamCountry "GER"]
[BlackTeamCountry "GER"]

1. Nf3 d6 2. d4 c6 3. c4 Bg4 4. Qb3 Qc7 5. h3 Bh5 6. g4 Bg6 7. Nc3 Nd7 8. Nh4 e5 9. Nxg6 hxg6 10. e3 Ngf6 11. Qd1 Be7 12. Bg2 Qb6 13. 0-0 0-0 14. dxe5 Nxe5 15. b3 Rad8 16. f4 Ned7 17. Kh2 Nc5 18. e4 Qa5 19. Qc2 Ne6 20. Be3 g5 21. fxg5 Nh7 22. h4 Qe5+ 23. Kh1 Qg3 24. Qf2 Qxg4 25. Bf3 Qh3+ 26. Qh2 Qxh2+ 27. Kxh2 a6 28. Bb6 Rde8 29. Rad1 g6 30. Bg4 Ng7 31. c5 dxc5 32. Rd7 f6 33. Rxb7 Bd6+ 34. Kg2 fxg5 35. Rd1 Be5 36. Na4 gxh4 37. Nxc5 Bg3 38. Bd7 Rf2+ 39. Kg1 Ng5 40. Bg4 Rf4 41. Nd7 Nxe4 42. Be2 Kh7 43. Rf1 h3 44. Rxf4 Bxf4 45. Bd4 Kh6 46. Bxg7+ Kxg7 47. Bf3 h2+ 48. Kg2 Nd6 49. Rb4 g5 50. Bxc6 Re1 51. Kf2 Ne4+ 52. Rxe4 h1Q 0-1

[Event "NRW Class2 1516"]
[Site "Germany"]
[Date "2015.12.20"]
[Round "4.1"]
[White "Lupor, Stefan"]
[Black "Preuschoff, Michael"]
[Result "1/2-1/2"]
[WhiteElo "2234"]
[BlackElo "2153"]
[PlyCount "97"]
[EventDate "2015.09.27"]
[EventType "team-tourn"]
[EventRounds "9"]
[EventCountry "GER"]
[SourceTitle "EXT 2017"]
[Source "ChessBase"]
[SourceDate "2016.10.25"]
[SourceVersion "1"]
[SourceVersionDate "2016.10.25"]
[SourceQuality "1"]
[WhiteTeam "Ennepe Ruhr Sued"]
[BlackTeam "Ratingen"]
[WhiteTeamCountry "GER"]
[BlackTeamCountry "GER"]

1. e4 c5 2. Nf3 Nc6 3. Bb5 Na5 4. c3 a6 5. Ba4 b5 6. Bc2 e6 7. 0-0 c4 8. b4 cxb3 9. axb3 Bb7 10. Re1 Be7 11. d4 d5 12. e5 Rc8 13. b4 Nc4 14. Nbd2 Nxd2 15. Bxd2 Rc6 16. h3 h5 17. Bd3 h4 18. Nh2 Nh6 19. Qh5 Kd7 20. Bxh6 Qg8 21. Qf3 Rxh6 22. Ra2 Rh8 23. Rc2 Kc7 24. Nf1 Kb8 25. Nd2 f5 26. exf6 gxf6 27. Nb3 e5 28. Na5 Rc7 29. Nxb7 e4 30. Qf4 Kxb7 31. Be2 Qg6 32. Ra2 Rxc3 33. Rea1 Rg8 34. Bf1 Rc6 35. Qxh4 Bxb4 36. Qf4 Bd6 37. Qe3 Bb8 38. Qb3 Bc7 39. Rxa6 Rxa6 40. Qxb5+ Rb6 41. Qxd5+ Rc6 42. Rc1 f5 43. Rxc6 Qxc6 44. Qxg8 Qd6 45. Qb3+ Kc8 46. g3 Qxd4 47. Qe6+ Kb8 48. Qxf5 Bxg3 49. Qb5+ 1/2-1/2

[Event "Niederrhein-ch "]
[Site "Krefeld"]
[Date "2012.04.05"]
[Round "6"]
[White "Preuschoff, Michael"]
[Black "Ruprecht, Thomas"]
[Result "1-0"]
[WhiteElo "2113"]
[BlackElo "1988"]
[PlyCount "70"]
[EventDate "2012.03.31"]
[EventType "swiss"]
[EventRounds "7"]
[EventCountry "GER"]
[SourceTitle "EXT 2014"]
[Source "ChessBase"]
[SourceDate "2013.11.20"]
[SourceVersion "1"]
[SourceVersionDate "2013.11.20"]
[SourceQuality "1"]

1. e4 e6 2. c4 c5 3. Nc3 Nc6 4. Nf3 e5 5. a3 d6 6. Be2 g6 7. Nd5 Bg7 8. b4 b6 9. d3 Nce7 10. 0-0 Nxd5 11. cxd5 Ne7 12. Bd2 0-0 13. a4 Bd7 14. Bc3 Bh6 15. Nd2 Nc8 16. Nc4 f5 17. bxc5 bxc5 18. Ba5 Qe7 19. Qb3 Be8 20. Rfb1 Rf7 21. Bf3 Qh4 22. Ra2 Bf8 23. g3 Qf6 24. exf5 Qxf5 25. Be4 Qf6 26. Bc3 Nb6 27. Nxb6 axb6 28. f4 Bg7 29. Qxb6 Rxa4 30. fxe5 dxe5 31. Rxa4 Qf2+ 32. Kh1 Bxa4 33. d6 Kh8 34. Bg2 Rf8 35. Ra1 Bd7 1-0

[Event "Niederrhein-ch "]
[Site "Krefeld"]
[Date "2012.04.01"]
[Round "2"]
[White "Wencki, Juergen"]
[Black "Preuschoff, Michael"]
[Result "1/2-1/2"]
[WhiteElo "1807"]
[BlackElo "2113"]
[PlyCount "102"]
[EventDate "2012.03.31"]
[EventType "swiss"]
[EventRounds "7"]
[EventCountry "GER"]
[SourceTitle "EXT 2014"]
[Source "ChessBase"]
[SourceDate "2013.11.20"]
[SourceVersion "1"]
[SourceVersionDate "2013.11.20"]
[SourceQuality "1"]

1. e4 e5 2. Nf3 Nc6 3. Bb5 g6 4. 0-0 Bg7 5. c3 a6 6. Ba4 b5 7. Bb3 d6 8. h3 Na5 9. Bc2 f5 10. exf5 gxf5 11. d4 e4 12. Bg5 Bf6 13. Bxf6 Nxf6 14. Re1 0-0 15. Nh2 c6 16. Nd2 Ra7 17. b4 Nc4 18. Nxc4 bxc4 19. f3 d5 20. fxe4 fxe4 21. Re3 Rg7 22. Qe2 Bd7 23. Kh1 Kh8 24. Rg1 h5 25. Bd1 Qb8 26. Qe1 Qf4 27. g3 Qh6 28. h4 Bh3 29. Qf2 Nh7 30. Qe2 Rgf7 31. g4 hxg4 32. Nxg4 Bxg4 33. Rxg4 Rf1+ 34. Rg1 R1f2 35. Qg4 R2f4 36. Qg3 Qxh4+ 37. Qxh4 Rxh4+ 38. Kg2 Rhf4 39. Rg3 Rf2+ 40. Kh1 Rxa2 41. Bh5 Raf2 42. Rf3 Rg8 43. Rg6 Ng5 44. Rxg8+ Kxg8 45. Rg3 Kg7 46. Rxg5+ Kh6 47. Re5 Rc2 48. Be8 Rxc3 49. Bxc6 Rb3 50. Bxd5 e3 51. Bxc4 Rxb4 1/2-1/2

[Event "Duesseldorf Post op 27th"]
[Site "Duesseldorf"]
[Date "2011.12.28"]
[Round "4"]
[White "Preuschoff, Michael"]
[Black "Berelowitsch, Alexander"]
[Result "0-1"]
[WhiteElo "2123"]
[BlackElo "2554"]
[PlyCount "63"]
[EventDate "2011.12.26"]
[EventType "swiss"]
[EventRounds "7"]
[EventCountry "GER"]
[SourceTitle "EXT 2014"]
[Source "ChessBase"]
[SourceDate "2013.11.20"]
[SourceVersion "1"]
[SourceVersionDate "2013.11.20"]
[SourceQuality "1"]

1. d4 Nf6 2. Nf3 e6 3. g3 c5 4. Bg2 cxd4 5. Nxd4 d5 6. c4 e5 7. Nc2 d4 8. 0-0 Nc6 9. b4 Be7 10. Nd2 Be6 11. a3 0-0 12. e4 Bg4 13. f3 Be6 14. Ne1 d3 15. Bb2 Qb6+ 16. Kh1 Rfd8 17. Rc1 Qe3 18. Rg1 a5 19. c5 axb4 20. axb4 Nxb4 21. Bxe5 Na2 22. Rb1 Bxc5 23. Rf1 b6 24. Nb3 d2 25. Nc2 Qd3 26. Nca1 Nc3 27. Qxd2 Nxb1 28. Qb2 Nd2 29. Rd1 Nc4 30. Rxd3 Nxb2 31. Rxd8+ Rxd8 32. Bf1 0-1

[Event "Niederrhein-ch"]
[Site "Krefeld"]
[Date "2010.03.27"]
[Round "1"]
[White "Sponheim, Marko"]
[Black "Preuschoff, Michael"]
[Result "0-1"]
[WhiteElo "2051"]
[BlackElo "2251"]
[PlyCount "90"]
[EventDate "2010.03.27"]
[EventType "swiss"]
[EventRounds "7"]
[EventCountry "GER"]
[SourceTitle "EXT 2011"]
[Source "ChessBase"]
[SourceDate "2010.11.26"]
[SourceVersion "1"]
[SourceVersionDate "2010.11.26"]
[SourceQuality "1"]

1. e4 c6 2. d4 d5 3. Nc3 dxe4 4. Nxe4 h6 5. Nf3 Bg4 6. Be2 Nd7 7. Bf4 Ngf6 8. Nxf6+ Nxf6 9. 0-0 e6 10. h3 Bxf3 11. Bxf3 Bd6 12. Qd2 g5 13. Bxd6 Qxd6 14. Rad1 0-0-0 15. Rfe1 Rd7 16. Qa5 a6 17. Qe5 Qxe5 18. Rxe5 Kc7 19. c3 Kb6 20. b4 Ra8 21. a4 Nd5 22. a5+ Kc7 23. Bxd5 cxd5 24. h4 Rg8 25. hxg5 hxg5 26. Kf1 Kd6 27. Rde1 Rc7 28. R5e3 Rgc8 29. Rc1 Rc4 30. Rg3 Rxd4 31. Rb1 Rdc4 32. Rb3 g4 33. Ke2 f5 34. Kd2 Rf4 35. Ke2 e5 36. Rd3 Rfc4 37. Kd2 f4 38. f3 g3 39. b5 R4c5 40. bxa6 bxa6 41. Rb6+ R8c6 42. Rb8 Rxa5 43. Rd8+ Ke6 44. Re8+ Kf5 45. Ke2 Ra2+ 0-1

[Event "NRW Class2 0910"]
[Site "Germany"]
[Date "2010.02.21"]
[Round "7.5"]
[White "Preuschoff, Michael"]
[Black "Mazarov, Juergen"]
[Result "1-0"]
[WhiteElo "2251"]
[BlackElo "2186"]
[PlyCount "68"]
[EventDate "2009.09.20"]
[EventType "team-tourn"]
[EventRounds "9"]
[EventCountry "GER"]
[SourceTitle "EXT 2011"]
[Source "ChessBase"]
[SourceDate "2010.11.26"]
[SourceVersion "1"]
[SourceVersionDate "2010.11.26"]
[SourceQuality "1"]
[WhiteTeam "Duesseldorf"]
[BlackTeam "Bochum SG II"]
[WhiteTeamCountry "GER"]
[BlackTeamCountry "GER"]

1. Nf3 c5 2. e4 d6 3. Nc3 Nf6 4. d4 cxd4 5. Nxd4 a6 6. Bg5 e6 7. f4 Be7 8. Qf3 Qc7 9. 0-0-0 Nbd7 10. Bd3 h6 11. Bh4 g5 12. e5 gxh4 13. exf6 Nxf6 14. Rhe1 Bd7 15. Qf2 0-0-0 16. Nf5 Bc6 17. Qa7 d5 18. Nxe7+ Qxe7 19. Bxa6 Qc7 20. Nb5 Qxf4+ 21. Kb1 bxa6 22. Qxa6+ Bb7 23. Qb6 Qb8 24. Rf1 Kd7 25. Rxf6 Bc6 26. Rxf7+ Ke8 27. Qxc6+ Kxf7 28. Rf1+ Kg7 29. Nc7 Rhf8 30. Nxe6+ Kh7 31. Rxf8 Rxf8 32. Qd7+ Kg6 33. Qg7+ Kh5 34. Nxf8 Qe8 1-0

[Event "NRW Class2 0910"]
[Site "Germany"]
[Date "2009.12.20"]
[Round "4.4"]
[White "Preuschoff, Michael"]
[Black "Wantiez, Fabrice"]
[Result "0-1"]
[WhiteElo "2251"]
[BlackElo "2325"]
[PlyCount "50"]
[EventDate "2009.09.20"]
[EventType "team-tourn"]
[EventRounds "9"]
[EventCountry "GER"]
[SourceTitle "EXT 2011"]
[Source "ChessBase"]
[SourceDate "2010.11.26"]
[SourceVersion "1"]
[SourceVersionDate "2010.11.26"]
[SourceQuality "1"]
[WhiteTeam "Duesseldorf"]
[BlackTeam "Aachen Aufwaerts"]
[WhiteTeamCountry "GER"]
[BlackTeamCountry "GER"]

1. e4 e5 2. Bc4 Nf6 3. d3 c6 4. Nf3 d6 5. 0-0 Be7 6. Re1 Qc7 7. c3 Nbd7 8. d4 0-0 9. Bb3 a5 10. Nbd2 b5 11. a3 c5 12. Nf1 Re8 13. Ng3 Bf8 14. h4 Bb7 15. Ng5 c4 16. Bc2 d5 17. dxe5 Nxe5 18. exd5 h6 19. N5e4 Nxd5 20. f4 Nd3 21. Bxd3 cxd3 22. f5 Nf4 23. Qg4 Ne2+ 24. Rxe2 dxe2 25. Bxh6 Qb6+ 0-1

[Event "NRW Class2 0910"]
[Site "Germany"]
[Date "2009.10.25"]
[Round "2.6"]
[White "Preuschoff, Michael"]
[Black "Jonker, Marc"]
[Result "1/2-1/2"]
[WhiteElo "2251"]
[BlackElo "2309"]
[PlyCount "67"]
[EventDate "2009.09.20"]
[EventType "team-tourn"]
[EventRounds "9"]
[EventCountry "GER"]
[SourceTitle "EXT 2011"]
[Source "ChessBase"]
[SourceDate "2010.11.26"]
[SourceVersion "1"]
[SourceVersionDate "2010.11.26"]
[SourceQuality "1"]
[WhiteTeam "Duesseldorf"]
[BlackTeam "Emsdetten Turm II"]
[WhiteTeamCountry "GER"]
[BlackTeamCountry "GER"]

1. e4 d6 2. d4 Nf6 3. Nc3 c6 4. h3 Nbd7 5. g3 e5 6. Nge2 Be7 7. Bg2 0-0 8. 0-0 b5 9. a3 Qc7 10. g4 h6 11. f4 exf4 12. Bxf4 Bb7 13. Ng3 Rfe8 14. Nf5 Bf8 15. Qd3 a5 16. b4 axb4 17. axb4 Rxa1 18. Rxa1 Nb6 19. e5 dxe5 20. Bxe5 Rxe5 21. dxe5 Qxe5 22. Qg3 Qxg3 23. Nxg3 Bxb4 24. Nxb5 Bc5+ 25. Kh2 Nbd5 26. Na7 Ne3 27. Bxc6 Bxc6 28. Nxc6 Bd6 29. Re1 Nxc2 30. Re2 Na3 31. Kg2 g6 32. Ne4 Nxe4 33. Rxe4 Nb5 34. Nd4 1/2-1/2

[Event "Niederrhein-ch"]
[Site "Wuppertal"]
[Date "2008.03.16"]
[Round "2"]
[White "Krause, Thomas"]
[Black "Preuschoff, Michael"]
[Result "0-1"]
[WhiteElo "2121"]
[BlackElo "2258"]
[PlyCount "54"]
[EventDate "2008.03.15"]
[EventType "swiss"]
[EventRounds "7"]
[EventCountry "GER"]
[SourceTitle "EXT 2010"]
[Source "ChessBase"]
[SourceDate "2010.11.25"]
[SourceVersion "1"]
[SourceVersionDate "2010.11.25"]
[SourceQuality "1"]

1. e4 c6 2. d4 d5 3. e5 Bf5 4. c4 dxc4 5. Bxc4 e6 6. Nc3 Nd7 7. Nge2 Nb6 8. Bb3 Ne7 9. 0-0 Qd7 10. Ng3 Bg6 11. Be3 h5 12. h4 Nf5 13. Nxf5 Bxf5 14. f3 Be7 15. g3 f6 16. Rf2 0-0-0 17. Rd2 Rdg8 18. Ne4 Nd5 19. Bf2 Kb8 20. Qe2 Qc7 21. Nc3 g5 22. Nxd5 cxd5 23. Kh2 fxe5 24. dxe5 Rg7 25. Rdd1 Qd8 26. hxg5 Bxg5 27. Bd4 Bf4 0-1

[Event "Oberliga NRW 0708"]
[Site "Germany"]
[Date "2008.01.13"]
[Round "5.5"]
[White "Preuschoff, Michael"]
[Black "Bruemmer, Frank"]
[Result "0-1"]
[WhiteElo "2239"]
[BlackElo "2255"]
[PlyCount "80"]
[EventDate "2007.09.16"]
[EventType "team-tourn"]
[EventRounds "9"]
[EventCountry "GER"]
[SourceTitle "EXT 2009"]
[Source "ChessBase"]
[SourceDate "2008.11.26"]
[SourceVersion "1"]
[SourceVersionDate "2008.11.26"]
[SourceQuality "1"]
[WhiteTeam "Duesseldorf"]
[BlackTeam "Gescher"]
[WhiteTeamCountry "GER"]
[BlackTeamCountry "GER"]

1. e4 e6 2. d4 d5 3. Bd3 c5 4. c3 Nc6 5. Ne2 dxe4 6. Bxe4 Nf6 7. Bf3 e5 8. Bxc6+ bxc6 9. 0-0 exd4 10. cxd4 Be7 11. Nbc3 0-0 12. Bg5 Rb8 13. dxc5 Qxd1 14. Rfxd1 Rxb2 15. Nd4 Bxc5 16. Bxf6 gxf6 17. Ne4 Bb6 18. Nxf6+ Kg7 19. Nh5+ Kh6 20. Nf4 Bg4 21. Rd3 Rd8 22. Nxc6 Rxf2 23. Kh1 Rxd3 24. Nxd3 Rd2 25. Nde5 Be6 26. Ne7 Bc5 27. Nf3 Rxa2 28. Nf5+ Kg6 29. Rc1 Bxf5 30. Nh4+ Kg5 31. Nxf5 Bb6 32. Nd6 f5 33. h4+ Kg4 34. Ne8 Bd4 35. Rc4 Kg3 36. Rc1 Ra1 37. Rxa1 Bxa1 38. h5 Kg4 39. Nd6 Be5 40. Nf7 Bd4 0-1

[Event "NRW Class2 0607"]
[Site "Germany"]
[Date "2006.12.17"]
[Round "4.8"]
[White "Preuschoff, Michael"]
[Black "Weber, Rolf"]
[Result "1-0"]
[WhiteElo "2235"]
[BlackElo "2067"]
[PlyCount "65"]
[EventDate "2006.09.17"]
[EventType "team-tourn"]
[EventRounds "9"]
[EventCountry "GER"]
[SourceTitle "EXT 2008"]
[Source "ChessBase"]
[SourceDate "2007.11.25"]
[SourceVersion "1"]
[SourceVersionDate "2007.11.25"]
[SourceQuality "1"]
[WhiteTeam "Duesseldorf"]
[BlackTeam "Hagen"]
[WhiteTeamCountry "GER"]
[BlackTeamCountry "GER"]

1. e4 e6 2. d4 d5 3. exd5 exd5 4. Nf3 Bd6 5. c4 dxc4 6. Bxc4 Nf6 7. 0-0 0-0 8. Nc3 c6 9. Re1 Bf5 10. Bg5 Nbd7 11. Ne5 Nb6 12. Bb3 Bg6 13. Re3 Qc7 14. Bxf6 gxf6 15. Ng4 Bf4 16. Rh3 Kg7 17. g3 Bd6 18. Qf3 Nd7 19. Nh6 Qa5 20. Ne4 Be7 21. g4 Rae8 22. Nf5+ Kh8 23. Nxe7 Rxe7 24. Nxf6 Kg7 25. Nxd7 Re1+ 26. Rxe1 Qxe1+ 27. Kg2 Be4 28. Rxh7+ Bxh7 29. Qf6+ Kg8 30. Nxf8 Be4+ 31. Kh3 Bd5 32. Bxd5 cxd5 33. Nd7 1-0

[Event "Duisburg Grossenbaum op"]
[Site "Duisburg"]
[Date "2006.07.02"]
[Round "6"]
[White "Rezasade, Amir"]
[Black "Preuschoff, Michael"]
[Result "0-1"]
[WhiteElo "2144"]
[BlackElo "2260"]
[PlyCount "74"]
[EventDate "2006.06.02"]
[EventType "swiss"]
[EventRounds "7"]
[EventCountry "GER"]
[SourceTitle "EXT 2007"]
[Source "ChessBase"]
[SourceDate "2006.11.23"]
[SourceVersion "1"]
[SourceVersionDate "2006.11.23"]
[SourceQuality "1"]

1. Nf3 c5 2. c4 Nc6 3. d4 cxd4 4. Nxd4 e6 5. Nc3 Nf6 6. Ndb5 Bb4 7. a3 Bxc3+ 8. Nxc3 d5 9. cxd5 exd5 10. Bg5 d4 11. Ne4 Qa5+ 12. Bd2 Qe5 13. Nxf6+ Qxf6 14. g3 Bg4 15. Bg2 Qe6 16. h3 Bf5 17. g4 Be4 18. f3 Bd5 19. Bf4 Bc4 20. Kf2 0-0-0 21. Re1 Rhe8 22. Rc1 Ba6 23. Qd2 h6 24. h4 Rd5 25. a4 g5 26. hxg5 hxg5 27. Bxg5 Kb8 28. b4 Rxg5 29. Qxg5 Bxe2 30. Bf1 d3 31. Bxe2 Qa2 32. Qf4+ Ka8 33. Ra1 Rxe2+ 34. Rxe2 Qxe2+ 35. Kg3 d2 36. Qd6 Qe1+ 37. Kf4 Qxa1 0-1

[Event "NRW Class1 0506"]
[Site "Germany"]
[Date "2006.04.02"]
[Round "8.1"]
[White "Stoeber, Michael"]
[Black "Preuschoff, Michael"]
[Result "1-0"]
[WhiteElo "2296"]
[BlackElo "2260"]
[PlyCount "71"]
[EventDate "2005.09.25"]
[EventType "team"]
[EventRounds "9"]
[EventCountry "GER"]
[SourceTitle "EXT 2006"]
[Source "ChessBase"]
[SourceDate "2005.11.24"]
[SourceVersion "1"]
[SourceVersionDate "2005.11.24"]
[SourceQuality "1"]
[WhiteTeam "Monheim"]
[BlackTeam "Duesseldorf II"]
[WhiteTeamCountry "GER"]
[BlackTeamCountry "GER"]

1. d4 Nf6 2. c4 e6 3. Nf3 b6 4. e3 Bb7 5. Bd3 d5 6. 0-0 Be7 7. Nc3 0-0 8. cxd5 exd5 9. b3 Ne4 10. Bb2 f5 11. Ne2 Bd6 12. Ne5 a5 13. Nf4 Qe8 14. h4 a4 15. bxa4 Qxa4 16. Qe2 Qe8 17. Rfc1 c6 18. Qe1 Na6 19. f3 Bb4 20. Qe2 Ng3 21. Qf2 Nh5 22. Nxh5 Qxh5 23. Nxc6 Bd6 24. f4 h6 25. Be2 Qe8 26. Ne5 Bxe5 27. fxe5 g5 28. Ba3 Nc5 29. Bxc5 bxc5 30. Rxc5 f4 31. hxg5 hxg5 32. Rc7 Bc8 33. Bf3 Be6 34. Qc2 Rf7 35. Qg6+ Rg7 36. Qxg7# 1-0

[Event "NRW Class1 0506"]
[Site "Germany"]
[Date "2005.09.25"]
[Round "1.1"]
[White "Stoyanov, Petar"]
[Black "Preuschoff, Michael"]
[Result "1/2-1/2"]
[WhiteElo "2263"]
[BlackElo "2260"]
[PlyCount "87"]
[EventDate "2005.09.25"]
[EventType "team"]
[EventRounds "9"]
[EventCountry "GER"]
[SourceTitle "EXT 2006"]
[Source "ChessBase"]
[SourceDate "2005.11.24"]
[SourceVersion "1"]
[SourceVersionDate "2005.11.24"]
[SourceQuality "1"]
[WhiteTeam "Gesch"]
[BlackTeam "Duesseldorf II"]
[WhiteTeamCountry "GER"]
[BlackTeamCountry "GER"]

1. d4 e6 2. e4 d5 3. Nd2 Nc6 4. Ngf3 Nf6 5. e5 Nd7 6. Bb5 a5 7. 0-0 Na7 8. Be2 c5 9. c4 Be7 10. Nb3 b6 11. cxd5 exd5 12. dxc5 Nxc5 13. Be3 0-0 14. Rc1 Ne4 15. Nbd4 f5 16. exf6 Bxf6 17. Qc2 Rf7 18. Nd2 Nc5 19. Rfd1 Bxd4 20. Bxd4 Bf5 21. Qc3 Rc8 22. Qa3 Qe8 23. Bf1 Nb5 24. Qe3 Nxd4 25. Qxd4 Rfc7 26. Qxd5+ Be6 27. Qd6 Ne4 28. Qxc7 Rxc7 29. Rxc7 Qd8 30. Nxe4 Qxd1 31. Ng5 Bf5 32. Re7 g6 33. Nf3 Qb1 34. h4 Qxa2 35. Kh2 h6 36. Ne5 Qxb2 37. Bc4+ Kf8 38. Rc7 Ke8 39. Nc6 Bg4 40. Re7+ Kf8 41. Rf7+ Ke8 42. Re7+ Kf8 43. Rf7+ Ke8 44. Re7+ 1/2-1/2

[Event "Niederrhein-ch"]
[Site "Niederrhein"]
[Date "2005.03.26"]
[Round "9"]
[White "Preuschoff, Michael"]
[Black "Liedtke, Dirk"]
[Result "1-0"]
[WhiteElo "2171"]
[BlackElo "2181"]
[PlyCount "95"]
[EventDate "2005.03.18"]
[EventType "swiss"]
[EventRounds "9"]
[EventCountry "GER"]
[SourceTitle "CBM 105 Extra"]
[Source "ChessBase"]
[SourceDate "2005.05.01"]
[SourceVersion "1"]
[SourceVersionDate "2005.05.01"]
[SourceQuality "1"]

1. d4 g6 2. g3 Bg7 3. Bg2 Nf6 4. Nf3 0-0 5. 0-0 d6 6. h3 Nbd7 7. d5 e5 8. dxe6 fxe6 9. c4 Nb6 10. Qc2 Nfd7 11. Bg5 Qe8 12. Nbd2 a5 13. Nb3 a4 14. Nbd4 Nc5 15. Nb5 Qf7 16. Be3 e5 17. Ng5 Qe7 18. Rad1 Bf5 19. Qc1 h6 20. Bxc5 dxc5 21. Ne4 Rad8 22. b3 axb3 23. axb3 c6 24. Nbc3 Nc8 25. Qa3 b6 26. Qa4 Qc7 27. g4 Be6 28. Rxd8 Rxd8 29. Rd1 Rxd1+ 30. Nxd1 Kf7 31. Ne3 Bf8 32. g5 h5 33. Nd2 Bd7 34. Qa1 Bg7 35. Qb1 Nd6 36. Ndf1 Bf5 37. Nxf5 gxf5 38. Ng3 Kg6 39. h4 e4 40. f3 Be5 41. Nf1 exf3 42. Bxf3 Ne8 43. Qd3 Ng7 44. Kg2 Qc8 45. Kh1 Kf7 46. Bg2 Ke6 47. Bh3 Qf8 48. Ne3 1-0

[Event "Duesseldorf-ch"]
[Site "Duesseldorf"]
[Date "2004.11.17"]
[Round "6"]
[White "Kappelt, Joerg"]
[Black "Preuschoff, Michael"]
[Result "1-0"]
[WhiteElo "2159"]
[BlackElo "2160"]
[PlyCount "86"]
[EventDate "2004.09.29"]
[EventType "swiss"]
[EventRounds "7"]
[EventCountry "GER"]
[SourceTitle "EXT 2006"]
[Source "ChessBase"]
[SourceDate "2005.11.24"]
[SourceVersion "1"]
[SourceVersionDate "2005.11.24"]
[SourceQuality "1"]

1. f4 Nf6 2. Nf3 d5 3. e3 Bg4 4. d4 e6 5. Be2 Bxf3 6. Bxf3 Be7 7. 0-0 Nbd7 8. Nd2 c5 9. c3 Qc7 10. Kh1 0-0-0 11. a4 Kb8 12. Nb1 h6 13. Na3 a6 14. Bd2 g5 15. b4 c4 16. b5 a5 17. b6 Nxb6 18. Nb5 Qc6 19. Be1 gxf4 20. exf4 Nc8 21. Bg3 Nd6 22. Nxd6 Bxd6 23. Bh4 Be7 24. Qe2 Qc7 25. Rab1 Ng8 26. Bg3 Bd6 27. Rb5 Rd7 28. f5 Bxg3 29. fxe6 fxe6 30. hxg3 Ne7 31. Qxe6 Rhd8 32. Rfb1 Qxg3 33. Qa6 Qc7 34. Bg4 Nc6 35. Bxd7 Rxd7 36. Rxb7+ Qxb7 37. Rxb7+ Rxb7 38. Qxc6 Rb3 39. Qxd5 Rxc3 40. Qxa5 Rc1+ 41. Kh2 c3 42. Qe5+ Kc8 43. Qe6+ Kd8 1-0

[Event "Duesseldorf-ch"]
[Site "Duesseldorf"]
[Date "2004.11.10"]
[Round "5"]
[White "Muehlenhaus, Sven"]
[Black "Preuschoff, Michael"]
[Result "0-1"]
[WhiteElo "2133"]
[BlackElo "2160"]
[PlyCount "70"]
[EventDate "2004.09.29"]
[EventType "swiss"]
[EventRounds "7"]
[EventCountry "GER"]
[SourceTitle "EXT 2006"]
[Source "ChessBase"]
[SourceDate "2005.11.24"]
[SourceVersion "1"]
[SourceVersionDate "2005.11.24"]
[SourceQuality "1"]

1. d4 Nf6 2. Nf3 e6 3. c4 b6 4. g3 Ba6 5. b3 b5 6. Nbd2 Bb4 7. Qc2 bxc4 8. bxc4 Bb7 9. Bg2 Be4 10. Qb3 c5 11. 0-0 Bxd2 12. Bxd2 cxd4 13. Bb4 Qb6 14. Qa3 Na6 15. Bd6 Rc8 16. Rac1 Nc5 17. Be5 d3 18. exd3 Nxd3 19. Bxf6 gxf6 20. Rb1 Qc5 21. Qc3 Ke7 22. Rbd1 Bxf3 23. Bxf3 Ne5 24. Be2 Nxc4 25. Rc1 d5 26. Bxc4 dxc4 27. Rfe1 Rc7 28. Re4 Rhc8 29. Rh4 a5 30. Rxh7 Qb4 31. Qf3 c3 32. Qh5 Rf8 33. Qg6 c2 34. Qd3 Qb2 35. Qd2 Rd8 0-1